000
00363nam a2200145Ia 4500
008
100122s9999 xx 000 0 und d
082
_b
32136
_a
822
100
_a
खरे सुरेश
245
_a
आराप
260
_b
जोशी ब्रदर्स
_c
1980
300
_a
55
630
_a
आराप
730
_a
आराप
942
_c
BOOK
999
_c
416603
_d
416600